| 000 | 00377nam a2200145 a 4500 | ||
|---|---|---|---|
| 005 | 20141022141959.0 | ||
| 008 | 120229s19uu xx 00 eng d | ||
| 050 |
_aCD-ROM _bG14 2002 |
||
| 100 | _aGamble, Teri Kwal | ||
| 245 |
_aCommunication works / _cTeri Kwal Gamble, Michael Gamble. |
||
| 250 | _a7th ed. | ||
| 260 | _c2002. | ||
| 700 | _aGamble, Michael | ||
| 942 | _cAVM | ||
| 999 |
_c276174 _d276174 |
||